Rasskazy o staroĭ Moskve.

Saved in:
நூற்பட்டியல் விவரங்கள்
தலைமை எழுத்தாளர்: Vʹi︠u︡rkov, Aleksandr.
வடிவம்: புத்தகம்
மொழி:Russian
வெளியீடப்பட்டது: [Moskva] Moskovskiĭ rabochiĭ, 1948.
பகுதிகள்:
குறியீடுகள்: குறிச்சொல் இணை
குறியீடுகள் இல்லை, இந்த குறிச்சொல்லை முதலில் பதிவு செய்யுங்கள்!
LEADER 00541nam a2200193I 4500
001 006994159-9
005 20020606163548.3
008 770427s1948 ru a 000 0 rusr
010 |a  49016036 /L 
035 0 |a ocm02922693 
040 |a DLC  |c TJC  |d HLS 
050 0 |a DK601  |b .V58 
100 1 |a Vʹi︠u︡rkov, Aleksandr. 
245 0 0 |a Rasskazy o staroĭ Moskve.  |c Risunki A. Ermolaeva. 
260 |a [Moskva]  |b Moskovskiĭ rabochiĭ,  |c 1948. 
300 |a 270 p.  |b illus.  |c 24 cm. 
651 0 |a Moscow (Russia)  |x History. 
988 |a 20020608 
906 |0 DLC